Najtrudniejszy quiz ever. - Statystyki

Ogólne statystyki
  • Ten quiz został rozwiązany 20 razy
  • Średni wynik to 7 z 15
Statystyki odpowiedzi
Zagadnienie Odpowiedź % Poprawnych
Qwertyuiopasdfghjklzcvbnm czego brakuje? nie brakuje
71%
Odpowiedź do następnego pytania i jednocześnie odpowiedź w pierwszym pytaniu a
65%
a a
65%
Kliknij A
59%
numer 13
53%
taka sama odpowiedź jak w pytaniu 2 a
53%
Odpowiedź w pierwszym pytaniu a
53%
Nie powiem kliknij mnie!
53%
cyfra w tym 1
47%
Question Question
47%
xD
29%
poprzednie d
29%
nie wybieraj d c
18%
Vl odpowiedź to litera
18%
Nic ci nie powiem xD
12%
Nie znaleziono quizów pasujących do podanych kryteriów
Rozkład punktacji
Procent ludzi z każdym wynikiem
Percentyl według liczby udzielonych odpowiedzi
Twoja historia wyników
Nie rozwiązałeś tego quizu